Solo or Group Songs - Morrissey - Statistics

General Stats
  • This quiz has been taken 63 times
  • The average score is 13 of 15
Answer Stats
Question Answer % Correct
Irish Blood, English Heart Morrissey
98%
How Soon Is Now? The Smiths
98%
Suedehead Morrissey
95%
The More You Ignore Me, the Closer I Get Morrissey
93%
You Have Killed Me Morrissey
93%
Hand in Glove The Smiths
93%
Ask The Smiths
93%
That Joke Isn't Funny Anymore The Smiths
91%
Everyday Is Like Sunday Morrissey
86%
We Hate It When Our Friends Become Successful Morrissey
86%
Sheila Take a Bow The Smiths
86%
Last Night I Dreamt That Somebody Loved Me The Smiths
84%
The Headmaster Ritual The Smiths
84%
I Started Something I Couldn't Finish The Smiths
72%
Sweet and Tender Hooligan The Smiths
69%
No matching quizzes found
Score Distribution
Percent of People with Each Score
Percentile by Number Answered
Your Score History
You have not taken this quiz